Joueurs français passés par FC Valencia - Statistiques

Statistiques générales
  • Ce quiz a été pris 29 fois
  • Le résultat moyen est 3 sur 12
Statistiques - réponses
Années Matchs Nom % Correct
2018-2021 121 Kévin Gameiro
76%
2011-2014 93 Adil Rami
72%
2000-2001 21 Didier Deschamps
52%
2009-2014 177 Jérémy Mathieu
48%
2018-2020 89 Francis Coquelin
32%
2016-2017, 2019-2021 54 Eliaquim Mangala
20%
2020-2024 19 Koba Koindredi
12%
2012-2014 36 Aly Cissokho
8%
2003 24 Anthony Réveillère
8%
2004-2009 16 Ludovic Butelle
4%
1998-2000 43 Alain Roche
0%
2002-2005 1 Jean Félix Dorothée
0%
Aucun quiz correspondant
Distribution des résultats
% des personnes avec chaque résultat
Percentile par nombre de réponses
Votre historique - résultats
Vous n’avez pas pris ce quiz